He-Man and The Masters of the Universe Characters - Sudden Death - Statistics

General Stats
  • This quiz has been taken 45 times
  • The average score is 12 of 18
Answers on the Grid
Answers color-coded by a green-red scale on the quiz's grid according to % correct below.
Beast Man
Buzz-Off
Cringer
Evil-Lyn
Fisto
He-Man
Man-At-Arms
Man-E-Faces
Mekaneck
Mer-Man
Orko
Ram Man
She-Ra
Skeletor
Stratos
Teela
Trap-Jaw
Tri-Klops
Barkos
Beastos
Hyp-Noses
Man-A-Tee
Man-Bat
Megachin
Meower
Mer-Jaw
Sandpan
Sea-Klop
She-Reef
Skulor
 
Answer Stats
Answer % Correct
Skeletor
93%
He-Man
83%
She-Ra
83%
Beast Man
80%
Man-At-Arms
75%
Evil-Lyn
68%
Cringer
65%
Orko
65%
Teela
65%
Tri-Klops
65%
Mer-Man
63%
Stratos
63%
Ram Man
60%
Man-E-Faces
58%
Fisto
55%
Trap-Jaw
55%
Mekaneck
50%
Buzz-Off
48%
No matching quizzes found
Score Distribution
Percent of People with Each Score
Percentile by Number Answered
Your Score History
You have not taken this quiz